| 000 | 00878nam a2200205Ia 4500 | ||
|---|---|---|---|
| 003 | OSt | ||
| 005 | 20260619102755.0 | ||
| 008 | 210210b1999 xxu||||| |||| 00| 0 eng d | ||
| 040 | _cAL | ||
| 041 | _aKannada | ||
| 082 | _a398.2K BALY | ||
| 100 |
_aBALAKRASHNA SHETTI POLALI (Aa). _dಅ. ಬಾಲಕೃಷ್ಣ ಶೆಟ್ಟಿ ಪೊಳಲಿ _9265740 |
||
| 245 |
_aYakshagana vachaspati: di. Polali Shankaranarayana Shastriyavara baduku mattu sadhane. _bಯಕ್ಷಗಾನ ವಾಚಸ್ಪತಿ: ದಿ. ಪೊಳಲಿ ಶಂಕರನಾರಾಯಣ ಶಾಸ್ತ್ರಿಯವರ ಬದುಕು ಮತ್ತು ಸಾಧನೆ |
||
| 260 |
_aMangalagangothri _bPrasaranga _c1999 |
||
| 300 | _a58 | ||
| 650 |
_aPolali Shankaranarayana Shastri Mangala pracharopanyasa malike 20 _9265741 |
||
| 690 |
_aYakshagana _9265742 |
||
| 906 | _a058765 | ||
| 942 |
_2ddc _cBK |
||
| 999 |
_c105918 _d105918 |
||